000 00805nam a2200253 a 4500
999 _c11167
_d11167
001 11167
003 BD-JhCC
005 20220804134023.0
008 190605b 2016bg a|||| ||a| 000 0 ben d
020 _a9789845032711
035 _a(BD-JhCC)11167
040 _aBD-JhCC
_dBD-JhCC
041 _aben
082 _bSHA 2016
_a923
100 _aশামস, শামসুজ্জামান
245 _aবঙ্গবন্ধু ও বঙ্গমাতা /
_cশামসুজ্জামান শামস ।
260 _aঢাকা:
_bঅন্যধারা;
_c২০১৬.
300 _a৯৬ পৃ. :
_bill;
_c২২ সেমি.
600 _aFazilatunnesa, Sheikh
600 _aRahman, Sheikh Mujibur
650 _aBiography
942 _2ddc
_cBK
_01